FIFA 17 Top 10 French Goalkeepers - Statistics

General Stats
  • This quiz has been taken 153 times
  • The average score is 4 of 10
Answer Stats
Rank Player OVA % Correct
1 Hugo Lloris 88
99%
2 Steve Mandanda 85
82%
3 Stéphane Ruffier 85
65%
6 Alphonse Aréola 81
62%
4 Benoît Costil 82
50%
5 Cédric Carrasso 81
24%
7 Benjamin Lecomte 79
18%
8 Geoffrey Jourdren 78
15%
9 Rémy Riou 78
11%
10 Rémy Vercoutre 77
7%
No matching quizzes found
Score Distribution
Percent of People with Each Score
Percentile by Number Answered
Your Score History
You have not taken this quiz